Quarterly econometric analysis of imports in India (Record no. 18859)

MARC details
000 -LEADER
fixed length control field 00492nam a2200157Ia 4500
082 ## - DEWEY DECIMAL CLASSIFICATION NUMBER
Classification number 382.50954 PAT-Q SL1
100 ## - MAIN ENTRY--AUTHOR NAME
Personal name Patel, Sharadchandra K;
245 #0 - TITLE STATEMENT
Title Quarterly econometric analysis of imports in India
260 ## - PUBLICATION, DISTRIBUTION, ETC. (IMPRINT)
Place of publication Delhi
Name of publisher Hindustan Publishing Corporation
Year of publication 1981
300 ## - PHYSICAL DESCRIPTION
Number of Pages xv, 218p.
504 ## - BIBLIOGRAPHY, ETC. NOTE
Bibliography, etc Includes appendix and index
650 ## - SUBJECT ADDED ENTRY--TOPICAL TERM
Topical Term International trade - Econometric models
650 ## - SUBJECT ADDED ENTRY--TOPICAL TERM
Topical Term Econometrics
650 ## - SUBJECT ADDED ENTRY--TOPICAL TERM
Topical Term Imports - Econometric models - India
942 ## - ADDED ENTRY ELEMENTS (KOHA)
Koha item type Books
Holdings
Withdrawn status Lost status Damaged status Not for loan Home library Current library Date acquired Full call number Accession Number Price effective from Koha item type
        NASSDOC Library NASSDOC Library 08/06/2004 382.50954 PAT-Q SL1 14173 18/04/2019 Books